Sharing diversity in missiological research and education (Record no. 4478)
[ view plain ]
| 000 -LEADER | |
|---|---|
| fixed length control field | 01119 a2200277 4500 |
| 010 ## - LIBRARY OF CONGRESS CONTROL NUMBER | |
| LC control number | ENG-86324 |
| 020 ## - INTERNATIONAL STANDARD BOOK NUMBER | |
| International Standard Book Number | 8172149247 |
| Terms of availability | 175.00 |
| 035 ## - SYSTEM CONTROL NUMBER | |
| System control number | EN-69857 |
| 037 ## - SOURCE OF ACQUISITION | |
| Source of stock number/acquisition | DBAD / PUB. |
| 082 14 - DEWEY DECIMAL CLASSIFICATION NUMBER | |
| Classification number | 280 |
| 090 ## - LOCALLY ASSIGNED LC-TYPE CALL NUMBER (OCLC); LOCAL CALL NUMBER (OCLC) | |
| -- | 4566 |
| -- | 4566 |
| 245 10 - TITLE STATEMENT | |
| Title | Sharing diversity in missiological research and education |
| Statement of responsibility, etc | edited by L. Stanislaus and John F. Gorski. |
| 246 18 - VARYING FORM OF TITLE | |
| Title proper/short title | Sharing diversity |
| 260 ## - PUBLICATION, DISTRIBUTION, ETC. (IMPRINT) | |
| Place of publication, distribution, etc | Delhi : |
| Name of publisher, distributor, etc | Indian Society for Promoting Christian Knowledge and Ishvani Kendra, |
| Date of publication, distribution, etc | 2006. |
| 300 ## - PHYSICAL DESCRIPTION | |
| Extent | xiv, 255 p. ; |
| Dimensions | 23 cm. (Pbk) |
| 520 ## - SUMMARY, ETC. | |
| Summary, etc | Contributed papers presented at 2nd General Assembly of the International Association of Catholic Missiologists (IACM), held in Cochabamba, Bolivia, from 30th Sept. to 3rd Oct., 2004. |
| 650 #0 - SUBJECT ADDED ENTRY--TOPICAL TERM | |
| Topical term or geographic name as entry element | Missions |
| General subdivision | Educational work |
| 650 #0 - SUBJECT ADDED ENTRY--TOPICAL TERM | |
| Topical term or geographic name as entry element | Evangelistic work |
| 650 #0 - SUBJECT ADDED ENTRY--TOPICAL TERM | |
| Topical term or geographic name as entry element | Church and social problems |
| 700 1# - ADDED ENTRY--PERSONAL NAME | |
| Personal name | Stanislaus, L. |
| 700 1# - ADDED ENTRY--PERSONAL NAME | |
| Personal name | Gorski, Juan F. |
| 710 2# - ADDED ENTRY--CORPORATE NAME | |
| Corporate name or jurisdiction name as entry element | I.S.P.C.K. (Organization) |
| 710 2# - ADDED ENTRY--CORPORATE NAME | |
| Corporate name or jurisdiction name as entry element | Ishvani Kendra (Pune, India) |
| 942 ## - ADDED ENTRY ELEMENTS (KOHA) | |
| Institution code [OBSOLETE] | dpl |
| Koha item type | English Books |
| Call number prefix | 280 / SHA |
| Withdrawn status | Lost status | Source of classification or shelving scheme | Damaged status | Not for loan | Collection code | Home library | Current library | Source of acquisition | Cost, normal purchase price | Total Checkouts | Full call number | Barcode | Date last seen | Copy number | Uniform Resource Identifier | Cost, replacement price | Price effective from | Koha item type |
|---|---|---|---|---|---|---|---|---|---|---|---|---|---|---|---|---|---|---|
| Dewey Decimal Classification | Not For Loan | Non-fiction | D.B.Act.Division | D.B.Act.Division | DBAD/PUB | 175.00 | 280 | EN-69857 | 15/09/2008 | 1 | 4729 | 175.00 | 15/09/2008 | English Books |
